书目信息 |
| 题名: |
怎样学会了演京戏
|
|
| 作者: | 欧阳予倩 著 | |
| 分册: | ||
| 出版信息: | 北京 宝文堂 1959 |
|
| 页数: | 42页 | |
| 开本: | 20cm | |
| 丛书名: | ||
| 单 册: | ||
| 中图分类: | J821.2 | |
| 科图分类: | ||
| 主题词: | 戏剧--艺术--中国 | |
| 电子资源: | ||
| ISBN: | ||
| 000 | 00537nam0 2200193 450 | |
| 001 | 0639286766 | |
| 005 | 20060804105703.95 | |
| 010 | @dCNY0.14 | |
| 100 | @a20060804d1959 km y0chiy0120 ea | |
| 101 | 0 | @achi |
| 102 | @aCN@b110000 | |
| 200 | 1 | @a怎样学会了演京戏@Azen yang xue hui le yan jing xi@f欧阳予倩著@Fou yang yu qian zhu |
| 210 | @a北京@c宝文堂@d1959 | |
| 215 | @a42页@d20cm | |
| 606 | 0 | @a戏剧@x艺术@x中国 |
| 690 | @aJ821.2@v3 | |
| 701 | 0 | @a欧阳予倩@Aou yang yu qian@4著 |
| 801 | 0 | @aCN@bPFT@c20060804 |
| 905 | @a10447@dJ821.2@e67 | |
| 怎样学会了演京戏/欧阳予倩著.-北京:宝文堂,1959 |
| 42页;20cm |
| ISBN :CNY0.14 |
| ● |
| 相关链接 |
|
|
|
|
正题名:怎样学会了演京戏
索取号:J821.2/67
 
预约/预借
| 序号 | 登录号 | 条形码 | 馆藏地/架位号 | 状态 | 备注 |
| 1 | 0444580 | 204445804 | 密集书库/ [索取号:J821.2/67] | 在馆 |